| 000 | 00706nam a22002057a 4500 | ||
|---|---|---|---|
| 005 | 20151119153350.0 | ||
| 010 | _aENG-114232 | ||
| 020 |
_a978186772546 _c795.00 |
||
| 035 | _aEN-97764 | ||
| 037 | _bDBAD/PUB | ||
| 082 | _a379.260954 | ||
| 245 |
_aRight to education : _cedited by Chandan Roy [and] Jiten Barman _ban accelerated of social tranformation and economic development / |
||
| 260 |
_aNew Delhi _bNew Academic Publishers _c2013 |
||
| 270 |
_a4760-61/23, Ansari Road Daryaganj _bNew Delhi _e110002 |
||
| 300 |
_axvi,175p. _c22cm(Hb) |
||
| 500 | _aIncludes bibliographical references | ||
| 700 | _aRoy, Chandan | ||
| 700 | _aBarman, Jiten | ||
| 942 |
_2ddc _cEN _mRIG _h379.260954 |
||
| 999 |
_c97678 _d97678 |
||